Bird Species by Family : Caracaras - Statistics

General Stats
  • This quiz has been taken 18 times
  • The average score is 4 of 9
Answer Stats
Picture Answer % Correct
Crested Caracara
100%
Carunculated Caracara
56%
Yellow-Headed Caracara
56%
Black Caracara
50%
Chimango Caracara
44%
Mountain Caracara
38%
Striated Caracara
38%
Red-Throated Caracara
31%
White-Throated Caracara
6%
No matching quizzes found
Score Distribution
Percent of People with Each Score
Percentile by Number Answered
Your Score History
You have not taken this quiz